| 000 | 00669nam a2200193 u 4500 | ||
|---|---|---|---|
| 005 | 20231117063552.0 | ||
| 008 | 190314s2007 r 000 0 eng d | ||
| 035 | _aUPN01000229640 | ||
| 049 | _aF | ||
| 050 | 4 |
_aLB2864.5 _bS4.3 |
|
| 245 | 0 | 3 |
_aLa seguridad de las niñas, niños y jóvenes : _buna tarea de papá y mamá : guía básica para que los padres de familia participen en la seguridad de sus hijos. |
| 260 |
_aMéxico : _bSEP : _bSNTE, _c[2007]. |
||
| 300 |
_a16 p. : _bil. col. |
||
| 500 | _a"Programa Escuela Segura" | ||
| 650 | 4 |
_aSeguridad escolar _97348 |
|
| 610 | 2 | 4 |
_aPROGRAMA ESCUELA SEGURA (MEXICO) _918444 |
| 905 | _aLibro | ||
| 999 |
_c201735 _d201735 |
||